00466cam a22001337a 4500008004000000082001400040100001800054245010000072260006200172300000900234650001900243650001400262700005600276180718b2001 xxu||||| |||| 00| 0 eng d aB253 V691 aPratap, Vijay aVasudhaiv Kutumbakam: a new alliance for democracy in the era of globalisationcby Vijay Pratap aDelhibCentre for the Study of Developing Societiesc2001 a29p. aGlobalization. aDemocracy aCentre for the Study of Developing Societies, Delhi